| 000 | 00853nam a22002177a 4500 | ||
|---|---|---|---|
| 999 |
_c20572 _d20572 |
||
| 003 | AR-CdUCM | ||
| 008 | 190531b ||||| |||| 00| 0 spa d | ||
| 040 |
_aMUNICIPALIDAD PROVINCIAL DEL CUSCO _cBIBLIOTECA MUNICIPAL DEL CUSCO |
||
| 082 |
_a537 / _bS31 |
||
| 100 |
_aSchick, Kurt _943007 |
||
| 245 | _aPrincipios de electricidad / | ||
| 260 |
_aColombia : _bCarvajal, _bCentro regional de ayuda técnica México / Buenos Aires, _c1971. |
||
| 300 |
_a167 páginas ; _c28 cm. |
||
| 505 | _aContenido : Energía y trabajo -- La estructura interna de los materiales sólidos -- Electricidad estática -- Fuerza electromotriz... | ||
| 650 |
_aEnergía cinética _943008 |
||
| 650 |
_aElectrodinámica _919410 |
||
| 650 |
_aElectromagnetismo _939789 |
||
| 700 |
_aPaz Estrada, Hector y Rodriguez N, Armando _943009 |
||
| 942 |
_2ddc _cLIBROS |
||
| 945 | _aandy | ||